000 00601nam a2200205Ia 4500
003 OSt
005 20220901160301.0
008 220901b |||||||| |||| 00| 0 eng d
020 _a0 273 68410 8
040 _cIFM Library
082 _a657.45
100 _aHayes, Rick S.
_9147
245 _aPrinciples of Auditing: An Introduction to International Standards on Auditing
250 _a2nd ed.
260 _aHarlow:
_bPearson Education
_c2005
300 _axx, 692 p. :
_bill. ; 25 cm.
500 _aIncludes Bibliographical References and Index
650 _aAuditing
_9148
942 _cBK
_2ddc
_n0
999 _c6130
_d6130